[Event "Liape ch-1 zone-B gr-09 email"]
[Site "Liape email"]
[Date "2003.01.05"]
[Round "6"]
[White "Moreira Lopes, Angelo Andre"]
[Black "Parisi, Cosimo"]
[Result "1/2-1/2"]
[WhiteElo "1600"]
[BlackElo "2218"]
[PlyCount "80"]
[EventDate "2003.??.??"]
[EventType "tourn (corr)"]
[EventRounds "6"]
[EventCountry "ARG"]
[SourceTitle "Corr 2006"]
[Source "ChessBase"]
[SourceDate "2006.04.01"]
[SourceVersion "3"]
[SourceVersionDate "2006.04.01"]
[SourceQuality "1"]

1. e4 Nf6 2. e5 Nd5 3. c4 Nb6 4. d4 d6 5. f4 dxe5 6. fxe5 Nc6 7. Be3 Bf5 8. Nf3 e6 9. Nc3 Be7 10. d5 exd5 11. cxd5 Nb4 12. Nd4 Bd7 13. e6 fxe6 14. dxe6 Bc6 15. Qg4 Bh4+ 16. g3 Bxh1 17. 0-0-0 Qf6 18. Nf5 0-0 19. Nxh4 Bf3 20. Nxf3 Qxf3 21. Qxf3 Rxf3 22. Bxb6 cxb6 23. e7 Kf7 24. Be2 Rxc3+ 25. bxc3 Nc6 26. Rd7 Re8 27. Rxb7 Rxe7 28. Bc4+ Kf6 29. Rxe7 Kxe7 30. Kd2 Kd6 31. Bd3 h6 32. h4 Ne5 33. Be2 g5 34. Ke3 Kd5 35. Ba6 Ng4+ 36. Kd3 gxh4 37. Bb7+ Kc5 38. gxh4 Nf6 39. Bc8 Nd5 40. Bd7 Nf4+ 1/2-1/2